Caricamento...
United States and latin America
| Autore principale: | |
|---|---|
| Natura: | Printed Book |
| Pubblicazione: |
London:
Addison wesley publishing company.
|
| Soggetti: |
| LEADER | 00441nam a22001214a 4500 | ||
|---|---|---|---|
| 082 | |a 973 | ||
| 100 | |a Glauert Earl T , | ||
| 260 | |a London: |b Addison wesley publishing company. | ||
| 650 | |a United States and latin America | ||
| 245 | |a United States and latin America |c by Earl T Glauert | ||
| 942 | |c BK | ||
| 999 | |c 247373 |d 247373 | ||
| 952 | |0 0 |1 0 |4 0 |6 973_000000000000000_GLA |7 0 |8 G |9 262726 |a HIS |b HIS |d 2020-01-04 |l 0 |o 973 GLA |p HIS3267 |r 2020-01-04 |t 1 |w 2020-01-04 |y BK | ||